Vista normal
Vista MARC
- Fotografía
Entrada Término temático
Número de registros utilizados en: 3
001 - NÚMERO DE CONTROL
- campo de control: 1473
003 - IDENTIFICADOR DE NÚMERO DE CONTROL
- campo de control: OSt
005 - FECHA Y HORA DE LA ÚLTIMA TRANSACCIÓN
- campo de control: 20220525213754.0
008 - ELEMENTOS DE DATO DE LONGITUD-FIJA
- campo de control de longitud fija: 220525|| aca||aabn | a|a d
040 ## - FUENTE DE CATALOGACIÓN
- Centro catalogador/agencia de origen: OSt
- Centro/agencia transcriptor: OSt
150 ## - ENCABEZAMIENTO--TÉRMINO DE MATERIA
- Término de materia o nombre geográfico como elemento de entrada: Fotografía
- Subdivisión general: Odontólogos
670 ## - FUENTE DE DATOS ENCONTRADOS
- Cita de la fuente: Work cat.: (OSt)479: Aguirre, Rodolfo, et al. 1378, Fotografía en Odontología: generalidades y aspectos útiles para asistentes dentales, 2016

